Quiz sur la ville de Québec - Statistiques

Statistiques générales
  • Ce quiz a été pris 15 fois
    14 depuis la dernière actualisation
  • Le résultat moyen est 16 sur 20
Statistiques - réponses
Question Réponse % Correct
Sur quel continent se trouve la ville de Québec ? Amérique du Nord
100%
Dans quel pays la ville de Québec est-elle située ? Canada
100%
Quel grand hôtel emblématique domine le Vieux-Québec depuis le Cap Diamant ? Château Frontenac
100%
Quelle langue est majoritairement de la ville de Québec ? Français
100%
Sur quel fleuve majeur la ville de Québec est-elle située ? Saint-Laurent
100%
En quelle année la ville de Québec a t-elle été fondée ? 1608
92%
Quel élément architectural rare en Amérique du Nord caractérise encore le centre historique de Québec ? Fortifications
92%
Que veut dire Québec en langue algonquine (peuple autochtone) ? Là où le fleuve se rétrécit
92%
De quelle province canadienne la ville de Québec est-elle aujourd'hui la capitale ? Québec
92%
Quel explorateur français est considéré comme le fondateur de la ville ? Samuel de Champlain
92%
Québec a été la capitale de quel ensemble colonial avant de devenir capitale provinciale ? Nouvelle-France
85%
Comment s'appellent les habitants de la ville de Québec ? Québécois
85%
Quel secteur représente un moteur économique majeur pour la région de Québec ? Tourisme
85%
Combien de ponts traversent le fleuve ? 2
69%
Comment s'appelle le quartier historique de Québec inscrit au patrimoine mondial de l'UNESCO ? Vieux-Québec
69%
Comment nomme-t-on les deux grandes parties historiques de la ville ? Haute-Ville et Basse-Ville
62%
Comment s'appelle le promontoire rocheux qui domine la ville et le fleuve ? Cap Diamant
46%
Depuis quel siècle la ville de Québec joue-t-elle un rôle de capitale politique (colonie puis province) ? XVIIe
46%
En quelle année ce quartier a-t-il été inscrit sur la liste du patrimoine mondial de l'UNESCO ? 1985
31%
Combien de touristes environ, la région de Québec a-t-elle accueillir en 2024 ? 4,3 millions
31%
Aucun quiz correspondant
Distribution des résultats
% des personnes avec chaque résultat
Percentile par nombre de réponses
Votre historique - résultats
Vous n’avez pas pris ce quiz depuis la dernière actualisation